Course in probability theory (Record no. 135451)

MARC details
000 -LEADER
fixed length control field 00385nam a2200157Ia 4500
008 - FIXED-LENGTH DATA ELEMENTS--GENERAL INFORMATION
fixed length control field 230917s9999||||xx |||||||||||||| ||und||
040 ## - CATALOGING SOURCE
-- 113048
Original cataloging agency VIVEKANANDA LIBRARY
041 ## - Language
-- English
082 ## - DDC NUMBER
Classification number 519.2 C472C
100 ## - MAIN ENTRY--PERSONAL NAME
Personal name Chung, Kai-lai
245 #0 - TITLE STATEMENT
Title Course in probability theory
250 ## - EDITION STATEMENT
Edition statement 3rd ed.
260 ## - PUBLICATION, DISTRIBUTION, ETC. (IMPRINT)
Place of publication, distribution, etc New York
Name of publisher, distributor, etc Academic Press
Date of publication, distribution, etc 2005
300 ## - PHYSICAL DESCRIPTION
Pages xvi, 419 p.
942 ## - ADDED ENTRY ELEMENTS (KOHA)
Koha item type Books
Holdings
Withdrawn status Lost status Damaged status Not for loan Location (home branch) Sublocation or collection (holding branch) Date acquired Koha issues (times borrowed) Koha full call number Accession No. Koha date last seen Koha item type
        VIVEKANANDA LIBRARY VIVEKANANDA LIBRARY 01/02/2007   519.2 C472C 235503 17/09/2023 Books
        VIVEKANANDA LIBRARY VIVEKANANDA LIBRARY 01/02/2007   519.2 C472C 250752 17/09/2023 Books
        VIVEKANANDA LIBRARY VIVEKANANDA LIBRARY 01/02/2007   519.2 C472C 250753 17/09/2023 Books
        VIVEKANANDA LIBRARY VIVEKANANDA LIBRARY 01/02/2007   519.2 C472C 250754 17/09/2023 Books
        VIVEKANANDA LIBRARY VIVEKANANDA LIBRARY 01/02/2007   519.2 C472C 250755 17/09/2023 Books
        VIVEKANANDA LIBRARY VIVEKANANDA LIBRARY 01/02/2007   519.2 C472C 250756 17/09/2023 Books
        VIVEKANANDA LIBRARY VIVEKANANDA LIBRARY 01/02/2007   519.2 C472C 250757 17/09/2023 Books
        VIVEKANANDA LIBRARY VIVEKANANDA LIBRARY 01/02/2007   519.2 C472C 250758 17/09/2023 Books
        VIVEKANANDA LIBRARY VIVEKANANDA LIBRARY 01/02/2007   519.2 C472C 250759 17/09/2023 Books
        VIVEKANANDA LIBRARY VIVEKANANDA LIBRARY 01/02/2007   519.2 C472C 250760 17/09/2023 Books
        VIVEKANANDA LIBRARY VIVEKANANDA LIBRARY 01/02/2007   519.2 C472C 250761 17/09/2023 Books
© Designed and Maintained by Vivekananda Library, MDU Rohtak